Southville International School and Colleges
Your cart is empty.
  • Cart
  • Lists
    Public lists Eva Luna New books Lux_list list_1
    Your lists Log in to create your own lists
  • Log in to your account
  • Your cookies
  • Search history
Southville International School and Colleges
  • Advanced search
  • Recent comments
  • Most popular
  • Libraries

Log in to your account

Log in with GOOGLE


If you do not have an external account, but do have a local account, you can still log in:

  1. Home
  2. MARC view: Human relations in business :
Normal view MARC view ISBD view

Human relations in business : (Record no. 356831)

[ view plain ]
MARC details
000 -LEADER
fixed length control field 00783nam a2200265Ia 4500
008 - FIXED-LENGTH DATA ELEMENTS--GENERAL INFORMATION
fixed length control field 180523s9999 xx 000 0 und d
020 ## - INTERNATIONAL STANDARD BOOK NUMBER
International Standard Book Number 981-240-478-3
050 ## - LIBRARY OF CONGRESS CALL NUMBER
Classification number MAIN HD 30.3
050 ## - LIBRARY OF CONGRESS CALL NUMBER
Item number .A26 2001 c.2
100 ## - MAIN ENTRY--PERSONAL NAME
Personal name Aamodt, Michael G.
245 #0 - TITLE STATEMENT
Title Human relations in business :
245 #0 - TITLE STATEMENT
Remainder of title developing interpersonal and leadership skills /
245 #0 - TITLE STATEMENT
Statement of responsibility, etc Michael G. Aamodt, Bobbie L. Raynes.
260 ## - PUBLICATION, DISTRIBUTION, ETC. (IMPRINT)
Place of publication, distribution, etc Singapore :
260 ## - PUBLICATION, DISTRIBUTION, ETC. (IMPRINT)
Name of publisher, distributor, etc Thomson Learning,
260 ## - PUBLICATION, DISTRIBUTION, ETC. (IMPRINT)
Date of publication, distribution, etc 2001
300 ## - PHYSICAL DESCRIPTION
Extent 530 pages :
300 ## - PHYSICAL DESCRIPTION
Dimensions 26 cm.
500 ## - GENERAL NOTE
General note Includes index.
650 ## - SUBJECT ADDED ENTRY--TOPICAL TERM
Topical term or geographic name as entry element Communication in management.
650 ## - SUBJECT ADDED ENTRY--TOPICAL TERM
Topical term or geographic name as entry element Interpersonal communication.
650 ## - SUBJECT ADDED ENTRY--TOPICAL TERM
Topical term or geographic name as entry element Supervision of employees.
650 ## - SUBJECT ADDED ENTRY--TOPICAL TERM
General subdivision Custome relations.
650 ## - SUBJECT ADDED ENTRY--TOPICAL TERM
General subdivision Self-management (Psychology).
Holdings
Withdrawn status Lost status Damaged status Home library Current library Shelving location Date acquired Total Checkouts Full call number Barcode Date last seen Price effective from Koha item type
      South Mansfield College South Mansfield College   03/07/2004   MAIN HD 30.3 .A26 2001 c.2 SMC00724 05/23/2018 05/23/2018  

Human relations in business :

APA

Aamodt M. G., .Human relations in business. Singapore: .

Chicago

Aamodt Michael G, .Human relations in business. Singapore: .

Harvard

Aamodt M. G., .Human relations in business. Singapore: .

MLA

Aamodt Michael G, .Singapore: . .

  • Place hold
  • Print
  • Cite
  • Add to your cart (remove)
  • Save record
    BIBTEX Dublin Core MARCXML MARC (non-Unicode/MARC-8) MARC (Unicode/UTF-8) MARC (Unicode/UTF-8, Standard) MODS (XML) RIS
  • More searches
    Search for this title in:
    Other Libraries (WorldCat) Other Databases (Google Scholar) Online Stores (Bookfinder.com) Open Library (openlibrary.org)

Exporting to Dublin Core...

SOUTHVILLE LIBRARY

Southville International School and Colleges Library

1281 Tropical Ave. Cor. Luxembourg St., BF Homes International, Las Pinas City

Tel. No. 8256374 / 252358 Loc. 117/146

Powered by Koha